THE PATH AHEAD (Record no. 26343)

MARC details
000 -LEADER
fixed length control field 00329nam a22001577a 4500
003 - CONTROL NUMBER IDENTIFIER
control field SGT
020 ## - INTERNATIONAL STANDARD BOOK NUMBER
International Standard Book Number 9789353041502
082 ## - DEWEY DECIMAL CLASSIFICATION NUMBER
Classification number 025.4618
Item number P18K
100 ## - MAIN ENTRY--PERSONAL NAME
Personal name KANT, AMITABH
245 ## - TITLE STATEMENT
Title THE PATH AHEAD
250 ## - EDITION STATEMENT
Edition statement 1ST
260 ## - PUBLICATION, DISTRIBUTION, ETC. (IMPRINT)
Place of publication, distribution, etc INDIA
Name of publisher, distributor, etc RUPA PUB
Year of Publication 2018
300 ## - PAGE DESCRIPTION
No. of Pages 346
650 ## - SUBJECT ADDED ENTRY--TOPICAL TERM
Topical term or geographic name as entry element GENERAL BOOKS
942 ## - ADDED ENTRY ELEMENTS (KOHA)
Source of classification or shelving scheme Dewey Decimal Classification
Koha item type Books
Holdings
Withdrawn status Lost status Source of classification or shelving scheme Damaged status Not for loan Collection code Home library Current library Shelving location Date acquired Vendor Name Cost, normal purchase price SGTU Bill Number Total Checkouts Full call number Accession No. (Barcode) Date last seen Bill Date Koha item type
    Dewey Decimal Classification   Not For Loan MEDICAL SGT Medical Library SGT Medical Library Reference Book 15/05/2024 BRIJWASI BOOKS DISTRIBUTORS 595.00 SGTU BW/000103   025.4618 P18K FM14408 15/05/2024 30/01/2024 Books
    Dewey Decimal Classification   Not For Loan MEDICAL SGT Medical Library SGT Medical Library Reference Book 15/05/2024 BRIJWASI BOOKS DISTRIBUTORS 595.00 SGTU BW/000103   025.4618 P18K FM14409 15/05/2024 30/01/2024 Books